000 00464nam a22001577a 4500
999 _c59779
_d59779
003 Ge_BSU
005 20230412162849.0
008 230412s1991 ge ||||| |||| 00| 0 geo d
041 _ageo
080 _a27-312 ც-98
245 _aცხოვრება იესო ქრისტესი.
264 _c1991.
300 _a129 გვ. :
_bილ. ;
_c23 სმ.
653 _aიესო ქრისტეს ცხოვრება.
942 _2udc
_cBK